000
00293nam a22001337a 4500
003
OSt
008
241014b |||||||| |||| 00| 0 eng d
082
_a
633.7106
_b
C27A
100
_a
C T R I, Rajamundry
245
_a
Annual report, 1977
260
_a
CTRI
300
_a
129
942
_2
ddc
_c
PER
999
_c
46392
_d
46392